| 000 | 01062nam a2200313 i 4500 | ||
|---|---|---|---|
| 001 | 179973 | ||
| 003 | ES-MaACL | ||
| 005 | 20230927190102.0 | ||
| 008 | 120308s2010 sp aco |||| | spa d | ||
| 020 | _a978-84-933840-9-8 | ||
| 080 | _a679.867:177 | ||
| 080 | _a679.867:331.472 | ||
| 100 | 1 |
_aRoselli, Maria. _9149557 |
|
| 245 | 1 | 3 |
_aLa mentira del amianto _b: fortunas y delitos / _cMaria Roselli ; traducción del francés de Luis Puche Cabezas y Rubén Soler Samperi. |
| 260 |
_aMálaga : _bEdiciones del Genal, _c2010. |
||
| 300 |
_a259 p. : _bil. ; _c21 cm. |
||
| 490 | 1 | _aTraslibros | |
| 500 | _aÍndices. | ||
| 504 | _aBibliografía: p. 249-252. | ||
| 650 | 7 |
_aAsbesto. _910363 |
|
| 650 | 7 |
_aMateriales refractarios. _9149558 |
|
| 650 | 4 |
_aAsbesto- _xEfectos fisiológicos. _9149561 |
|
| 700 | 1 |
_aPuche Cabezas, Luis. _9149559 |
|
| 700 | 1 |
_aSoler Samperi, Rubén. _9149560 |
|
| 830 | 0 |
_aTraslibros _9224573 |
|
| 852 |
_aES-MaACL _jA-12022 _9186880 _bR.146891 _cDEPO1 _dOlim: N-5027 |
||
| 942 |
_2udc _cMONOGRAFIA |
||
| 999 |
_c179973 _d179973 |
||